000 00646nam a2200229Ia 4500
003 OSt
005 20220928113552.0
006 a|||||r|||| 00| 0
007 ta
008 220927b |||||||| |||| 00| 0 eng d
024 _a30175
037 _cTextual
040 _aSDCL
_cSDCL
_beng
041 _2eng
_aeng
082 _aV2'L, K8
100 _aMukherjee S N
_9433854
245 0 _aWilliam Jones
_b A study in eigteenth century British attitudes to India
260 _aLondon
_bCambridge University Press
_c1968
300 _avii,199p
_ccm.
942 _hV2'L, K8
_cTEXL
_2CC
999 _c750265
_d750265